01017nam a2200265 i 4500001000300000003000900003005001700012008003900029015001500068040003500083041001300118080001000131100003000141245010800171246006700279260005600346300003300402380001700435500006900452504003100521650002700552700003200579710004200611856009800653bgKOSZ 00520200630132824.0070901s1967 pl a f 001 0 pol aPB 1968/34 aWA NcKOSZ 005/RWdKOSZ 005/RW1 apolheng a530.11 aKatz, Robertd(1917-2001)10aWstęp do szczególnej teorii względności /cRobert Katz ; [z ang. przeł. Aleksandra Blinowska].1 iTyt. oryg.:aIntroduction to the special theory of relativity. aWarszawa :bPaństwowe Wydawnictwo Naukowe,c1967. a140, [3] s. :bil. ;c18 cm. aKsiążki. aTyt. oryg.: An introduction to the special theory of relativity. aBiliogr. s. [138]. Indeks. 4aTeoria względności1 aBlinowska, Aleksandra.eIl.2 aPaństwowe Wydawnictwo Naukowe4pbl. uhttp://koha.tu.koszalin.pl/cgi-bin/koha/opac-detail.pl?biblionumber=11600yKatalog online BPK